000 00575nam a22002177a 4500
005 20170124110111.0
010 _aA-946012
020 _c00.00
035 _aA-946012
037 _bCen Lib/Ret
040 _aDPL
_bEN
082 _aS
_bDHI
100 _aDhillon, Harish
_9108613
245 _aLove stories from Punjab /
_cby Harish Dhillon
260 _aNew Delhi
_bUBS publishers
_c1998
270 _bNew Delhi
_a5, Ansari road
_e110002
300 _aix,244p.
_c21cm(Hb)
650 _aLiterature
_96262
650 _aShort stories
_944
942 _2ddc
_cEN
_hS
_mDHI
999 _c130407
_d130407